000 00234nam a2200121Ia 4500
100 _a#N/A
650 _aComputer/ IT
942 _cBK
654 _adigit
245 _aLicensed Software worth 30
260 _b#N/A
546 _aENGLISH
999 _c19891
_d19891